| 000 | 00981nam2a2200241 4500 | ||
|---|---|---|---|
| 001 | RU\NLR\bibl\1066594 | ||
| 005 | 20250615042218.0 | ||
| 010 |
_a5-7853-0709-X _948300 |
||
| 021 |
_aRU _b2007-10204 _9541 |
||
| 035 | _a(NLR Aleph) 001053846 | ||
| 090 |
_a895604 _c895604 |
||
| 100 | _a20070330d2006 |||y0rusy50 ca | ||
| 101 | 0 | _arus | |
| 102 | _aRU | ||
| 105 | _aa ||||||||| | ||
| 200 | 0 |
_aЧ. 2 _f[В.Г. Маранцман, М.А. Бабурина, А.В. Белова и др.] |
|
| 215 |
_a397 с. _cил., портр. |
||
| 461 | 0 |
_1001RU\NLR\bibl\1074358 _12001#$aЛитература$vЧ. 2 _9941933 _cМосква _d2006 _e4-е изд., перераб. _fРос. акад. наук [и др.] _nПросвещение _o10 класс : учебник : базовый и профильный уровни : в 2 ч. _tЛитература _y5-7853-0707-3 _vЧ. 2 |
|
| 801 | 0 |
_aRU _bNLR _c20070330 _gRCR |
|
| 801 | 1 |
_aRU _bNLR _c20070330 |
|
| 942 | _cBOOK | ||
| 980 | _aNB | ||